000 00259nam a22001217a 4500
041 _aENG
100 _aRajput R.K
245 _aA Tex Book Of Fluid Mechanics in sl Units
260 _aDelhi
_bS. Chand
_c1998
300 _a200
650 _aIDE
856 _uIDE
999 _c608
_d608